000 00568nam a2200121Ia 4500
008 171212s9999 xx 000 0 und d
020 _a9780833086273
100 _aMartorell, Paco;Miller, Trey;Daugherty, Lindsay;Borgschulte, Mark
245 _cMartorell, Paco;Miller, Trey;Daugherty, Lindsay;Borgschulte, Mark
_aEffects of Military Service on Earnings and Education Revisited
_bVariation by Service Duration, Occupation, and Civilian Unemployment
260 _bRAND Corporation
_c2014
650 _aEducation
856 _uhttp://www.jstor.org/stable/10.7249/j.ctt6wq9gb
999 _c351983
_d351983